000 00306nam a2200121Ia 4500
008 231129s1983||||xx |||||||||||||| ||spa||
082 _aHAJ- 0220
100 _aRincón Ovidio
245 0 _aEl metal de la noche
260 _c1983
264 _aArmenia: Impresores del Quindí­o 1983
942 _2ddc
_cBKS
999 _c11685
_d11685